Hacia el cultivo biológico de los árboles frutales (Record no. 75907)
[ view plain ]
| 000 -LEADER | |
|---|---|
| campo de control de longitud fija | 00534nam a2200157 i 4500 |
| 001 - NÚMERO DE CONTROL | |
| campo de control | 75907 |
| 003 - IDENTIFICADOR DE NÚMERO DE CONTROL | |
| campo de control | ES-MaACL |
| 007 - CAMPO FIJO DE DESCRIPCIÓN FÍSICA--INFORMACIÓN GENERAL | |
| campo de control de longitud fija | t| |
| 008 - DATOS DE LONGITUD FIJA--INFORMACIÓN GENERAL | |
| campo de control de longitud fija | 040928s1982 sp ||||1| spa d |
| 100 1# - ENTRADA PRINCIPAL--NOMBRE DE PERSONA | |
| Nombre de persona | Guardia Esteve, José. |
| 9 (RLIN) | 60308 |
| 245 10 - MENCIÓN DEL TÍTULO | |
| Título | Hacia el cultivo biológico de los árboles frutales |
| Resto del título | : peral, manzanos y melocotoneros / |
| Mención de responsabilidad, etc. | José Guardia Esteve ; ilustraciones, Joni Espax. |
| 260 ## - PUBLICACIÓN, DISTRIBUCIÓN, ETC. | |
| Lugar de publicación, distribución, etc. | Lérida : |
| Nombre del editor, distribuidor, etc. | Dilagro, |
| Fecha de publicación, distribución, etc. | 1982. |
| 300 ## - DESCRIPCIÓN FÍSICA | |
| Extensión | 287 p. : |
| Otras características físicas | il. ; |
| Dimensiones | 22 cm. |
| 700 1# - ENTRADA AGREGADA--NOMBRE PERSONAL | |
| Nombre de persona | Espax, Joni. |
| 9 (RLIN) | 47790 |
| 852 ## - LOCALIZACIÓN | |
| Ubicación | ES-MaACL |
| Número de control de estantería | L-3859 |
| Sublocalización o colección | R.104548 |
| Estatus retirado | Estado de pérdida | Estado de daño | No para préstamo | Biblioteca de origen | Biblioteca actual | Ubicación en estantería | Fecha de adquisición | Fuente de adquisición | Total de préstamos | Signatura topográfica completa | Código de barras | Visto por última vez | Precio de reemplazo | Tipo de ítem Koha |
|---|---|---|---|---|---|---|---|---|---|---|---|---|---|---|
| Biblioteca del Ateneo de Madrid | Biblioteca del Ateneo de Madrid | Depósito 2 | 17/01/2008 | L-3859 | 1079445 | 23/02/2023 | 23/02/2023 | Libro impreso |
